Catálogo
 En Linea

El canal de Panamá : (Registro nro. 48277)

Detalles MARC
000 -CABECERA
campo de control de longitud fija 01805nam a2200361 i 4500
001 - NÚMERO DE CONTROL
campo de control 000048789
003 - IDENTIFICADOR DEL NÚMERO DE CONTROL
campo de control DO-SdBNP
005 - FECHA Y HORA DE LA ÚLTIMA TRANSACCIÓN
campo de control 20260415144146.0
007 - CAMPO FIJO DE DESCRIPCIÓN FÍSICA--INFORMACIÓN GENERAL
campo de control de longitud fija ta
008 - DATOS DE LONGITUD FIJA--INFORMACIÓN GENERAL
campo de control de longitud fija 190412s2018 dr abc 000 0 spa d
020 ## - NÚMERO INTERNACIONAL ESTÁNDAR DEL LIBRO
Número Internacional Estándar del Libro 9789945914214
040 ## - FUENTE DE LA CATALOGACIÓN
Centro catalogador/agencia de origen DO-SdBNP
Lengua de catalogación spa
Centro/agencia transcriptor BNPHU
Normas de descripción rda
041 ## - CÓDIGO DE LENGUA
Código de lengua del texto/banda sonora o título independiente spa
082 #4 - NÚMERO DE LA CLASIFICACIÓN DECIMAL DEWEY
Número de clasificación 972.8705
Número de documento/Ítem J22c
Número de edición 22
100 1# - ENTRADA PRINCIPAL--NOMBRE DE PERSONA
Nombre de persona Jaén Suárez, Omar
Término indicativo de función/relación autor
Código de función/relación aut.
9 (RLIN) 76242
245 13 - MENCIÓN DE TÍTULO
Título El canal de Panamá :
Resto del título el triunfo de la innovación constante /
Mención de responsabilidad, etc. Omar Jaén Suárez ; edición, Fernán Molinos Delaswsky ; presentación, Manuel A. Grullón ; fotografías y filmaciones, Nicolás Psomas Araúz ; diseño y producción, Lourdes Saleme y Asociados.
264 #4 - PRODUCCIÓN, PUBLICACIÓN, DISTRIBUCIÓN, FABRICACIÓN Y COPYRIGHT
Producción, publicación, distribución, fabricación y copyright Santo Domingo :
Nombre del de productor, editor, distribuidor, fabricante Edición Popular Bank,
Fecha de producción, publicación, distribución, fabricación o copyright ©2018.
300 ## - DESCRIPCIÓN FÍSICA
Extensión 487 páginas :
Otras características físicas ilustraciones, mapas, retratos ;
Dimensiones 31 cm.
336 ## - TIPO DE CONTENIDO
Término de tipo de contenido texto
Código de tipo de contenido txt
Fuente rdacontent
337 ## - TIPO DE MEDIO
Nombre/término del tipo de medio sin mediación
Código del tipo de medio n
Fuente rdamedia
338 ## - TIPO DE SOPORTE
Nombre/término del tipo de soporte volumen
Código del tipo de soporte nc
Fuente rdacarrier
500 ## - NOTA GENERAL
Nota general Incluye datos biográficos del autor página 401
504 ## - NOTA DE BIBLIOGRAFÍA, ETC.
Nota de bibliografía, etc. Bibliografía: páginas 397-399
505 0# - NOTA DE CONTENIDO CON FORMATO
Nota de contenido con formato Presentación --
Título Introducción --
-- La geografía --
-- La gente --
-- La tecnología --
-- La administración --
-- La geopolítica --
-- La seguridad --
-- La economía --
-- Los impactos --
-- Epílogo --
-- Cronología --
-- The panama canal a triumph of constant innovation --
-- The canal de Panama le triomphe de l`innovation constante --
590 ## - NOTA LOCAL (RLIN)
Nota local Inventariado, 2019/LP
651 #0 - PUNTO DE ACCESO ADICIONAL DE MATERIA--NOMBRE GEOGRÁFICO
Nombre geográfico Canal de Panamá (Panamá)
9 (RLIN) 89310
651 #0 - PUNTO DE ACCESO ADICIONAL DE MATERIA--NOMBRE GEOGRÁFICO
Nombre geográfico Canal de Panamá (Panamá)
Subdivisión de forma Obras ilustradas
9 (RLIN) 89311
700 1# - PUNTO DE ACCESO ADICIONAL--NOMBRE DE PERSONA
Nombre de persona Grullón, Manuel A.,
Término indicativo de función/relación presentador
9 (RLIN) 73783
Código de función/relación present.
700 1# - PUNTO DE ACCESO ADICIONAL--NOMBRE DE PERSONA
Nombre de persona Nicolás Psomas Araúz
Término indicativo de función/relación fotógrafo
9 (RLIN) 76243
Código de función/relación fot.
700 1# - PUNTO DE ACCESO ADICIONAL--NOMBRE DE PERSONA
Nombre de persona Molinos Delaswky, Fernán
Término indicativo de función/relación editor
Código de función/relación ed.
9 (RLIN) 89337
910 ## - DATOS DE OPCIÓN DEL USUARIO (OCLC)
Datos de opción del usuario Validado. Control de calidad MFF
942 ## - ELEMENTOS DE PUNTO DE ACCESO ADICIONAL (KOHA)
Fuente del sistema de clasificación o colocación Dewey Decimal Classification
Tipo de ítem Koha Libro
Existencias
Estado de retiro Estado de pérdida Fuente del sistema de clasificación o colocación Restricciones de uso No para préstamo Código de colección Localización permanente Ubicación/localización actual Ubicación en estantería Fecha de adquisición Fuente de adquisición Total de préstamos Signatura topográfica completa Código de barras Fecha visto por última vez Número de copia Precio válido a partir de Tipo de ítem Koha
    Dewey Decimal Classification Préstamo en sala   Dominicana de Servicio Biblioteca Nacional Pedro Henríquez Ureña Biblioteca Nacional Pedro Henríquez Ureña Depósito 12.04.2019 Depósito Legal   BNPHU DS 972.8705 J22c 48789-30 25.06.2020 e. 3 25.06.2020 Libro
    Dewey Decimal Classification Excluido de préstamo   Patrimonio Dominicano Biblioteca Nacional Pedro Henríquez Ureña Biblioteca Nacional Pedro Henríquez Ureña Depósito 12.04.2019 Depósito Legal   BNPHU PD 972.8705 J22c 48789-10 25.06.2020   25.06.2020 Libro
    Dewey Decimal Classification Excluido de préstamo   Patrimonio Dominicano Biblioteca Nacional Pedro Henríquez Ureña Biblioteca Nacional Pedro Henríquez Ureña Depósito 12.04.2019 Depósito Legal   BNPHU PD 972.8705 J22c 48789-20 25.06.2020 e. 2 25.06.2020 Libro

Con tecnología Koha